000 01097nam a22003735b 4500
001 0004336
003 DO-SdBNP
005 20241030114658.0
007 0004336
008 950228s1993 sp | ||| ||spa
016 7 _a
_2BPMSU
017 _a
_b
020 _a8434809451
040 _aBPMSU
_bspa
_cBPMSU
_e
041 1 _aspa
080 0 _a
082 _a839.313
_bT318p 1992
100 1 _aTerlouw, Jan
_d1931-
240 1 0 _aPjotr
_lEspañol
245 1 _aPiotr :
_b(viaje a Siberia) /
_cJan Terlouw ; traducción, Teodoro Larriba ; ilustraciones, Dick van deer Maat
_h
250 _a12ª ed.
260 _aBarcelona :
_bSM,
_c1994
300 _a173 p. :
_bil. ;
_c20 cm
490 1 _aEl barco de vapor ,
_a Serie roja
_v6
650 4 _aNovela juvenil holandesa
650 4 _aViajes
_vNovela juvenil
650 4 _aPadre e hijo
_vNovela juvenil
700 1 _aLarriba, Teodoro
700 1 _aMaat, Dick van der
830 3 _aEl barco de vapor.;
_pSerie roja,
_v9
942 _2ddc
_cBK
945 _aInventariado, 2018 / BT
956 _aVMATEO
_b10
_c20161020
_dBPMSU
_f0069
999 _c11633
_d11633